Statistics for Biggest Cities in the Marshall Islands

Click here to take the quiz!

General Stats

  • This quiz has been taken 57 times
    (39 since last reset)
  • The average score is 3 of 10

Answer Stats

PopulationAtollCity / Town% Correct
27,797MajuroMajuro
100%
9,614KwajaleinEbeye
33%
1,170MajuroAjeltake
24%
7,103MajuroDarrit
19%
6,339MajuroDelap
19%
2,256MajuroLaura
19%
3,846MajuroRairok
19%
2,044MajuroUliga
19%
621KwajaleinEnubirr
10%
400KwajaleinMejatto
10%

Score Distribution

Percentile by Number Answered

Percent of People with Each Score

Your Score History

You have not taken this quiz since the last reset